Zu Reichweite und revisionsrechtlicher Problematik der Hinweispflicht nach Par. 265 I StPO

Guardado en:  
Detalles Bibliográficos
Autores principales: Hänlein, Andreas (Autor) ; Moos, Michael (Autor)
Tipo de documento: Print Artículo
Lenguaje:Alemán
Publicado: 1990
En: Neue Zeitschrift für Strafrecht
Año: 1990, Volumen: 10, Número: 10, Páginas: 481-482
Verificar disponibilidad: HBZ Gateway
Palabras clave:

MARC

LEADER 00000caa a22000002c 4500
001 1640009841
003 DE-627
005 20220608130824.0
007 tu
008 160223s1990 xx ||||| 00| ||ger c
035 |a (DE-627)1640009841 
035 |a (DE-576)456029907 
035 |a (DE-599)BSZ456029907 
040 |a DE-627  |b ger  |c DE-627  |e rakwb 
041 |a ger 
100 1 |a Hänlein, Andreas  |4 aut 
245 1 0 |a Zu Reichweite und revisionsrechtlicher Problematik der Hinweispflicht nach Par. 265 I StPO  |c Andreas Hänlein, Michael Moos 
264 1 |c 1990 
336 |a Text  |b txt  |2 rdacontent 
337 |a ohne Hilfsmittel zu benutzen  |b n  |2 rdamedia 
338 |a Band  |b nc  |2 rdacarrier 
700 1 |a Moos, Michael  |4 aut 
773 0 8 |i In  |t Neue Zeitschrift für Strafrecht  |d München : Beck, 1981  |g 10(1990), 10, Seite 481-482  |w (DE-627)129335096  |w (DE-600)138241-X  |w (DE-576)014611473  |x 0720-1753  |7 nnas 
773 1 8 |g volume:10  |g year:1990  |g number:10  |g pages:481-482 
935 |a mkri 
951 |a AR 
ELC |b 1 
LOK |0 000 xxxxxcx a22 zn 4500 
LOK |0 001 3301241409 
LOK |0 003 DE-627 
LOK |0 004 1640009841 
LOK |0 005 20250905114554 
LOK |0 008 160208||||||||||||||||ger||||||| 
LOK |0 040   |a DE-21-110  |c DE-627  |d DE-21-110 
LOK |0 689   |a s  |a Strafprozessuale Hinweispflicht 
LOK |0 689   |a s  |a Veränderte Rechtslage 
LOK |0 852   |a DE-21-110 
LOK |0 852 1  |m p  |9 00 
LOK |0 935   |a k110 
LOK |0 938   |k p 
LOK |0 939   |a 08-02-16  |b l01 
ORI |a SA-MARC-krimdoka001.raw